L'Egitto antico illustrato e l'Egitto moderno /

محفوظ في:

المؤلف الرئيسي: Odescalchi, Luigi (مؤلف)

التنسيق: كتاب

اللغة: Italian

الموضوعات:

الوسوم: إضافة وسم

لا توجد وسوم, كن أول من يضع وسما على هذه التسجيلة!

رقم الطلب: ( R )DT45 .O28 1865

LEADER 00794namaa2200229 4500
001 17251
003 OSt
005 20210811083201.0
008 130303s1865 ua a g 000 0 ita d
952 |0 0  |1 0  |2 lcc  |4 0  |7 1  |9 17634  |a ARCE  |b ARCE  |d 2021-08-11  |l 0  |o ( R )DT45 .O28 1865  |p 1038826  |r 2021-08-11 00:00:00  |w 2021-08-11  |y BK 
999 |c 14498  |d 14498 
040 |c ARCE Library 
043 |a f-ua--- 
050 0 4 |a ( R )DT45 .O28 1865 
100 1 |a Odescalchi, Luigi,  |e author  |9 37062 
245 1 2 |a L'Egitto antico illustrato e l'Egitto moderno /  |c [di] Luigi de'conti Odescalchi. 
264 1 |a Alessandria d'Egitto :  |b Tip. Anglo-egiziana,  |c 1865. 
300 |a 2 volumes in 1 (608 pages) :  |b illustrations ;  |c 26 cm. 
651 0 |a Egypt  |x History. 
651 0 |a Egypt  |v Guidebooks. 
901 |a reviewed 
942 |c BK  |2 lcc